Słoweńscy skoczkowie narciarscy z punktami PŚ w sezonie 2025/26 - Statystyki

Ogólne statystyki
  • Ten quiz został rozwiązany 28 razy
  • Średni wynik to 5 z 6
Statystyki odpowiedzi
Miejsce w PŚ Skoczek narciarski Liczba punktów % Poprawnych
1. Domen Prevc 2148
100%
5. Anže Lanišek 1009
96%
27. Timi Zajc 260
89%
40. Rok Oblak 83
74%
67. Zak Mogel 5
52%
61. Žiga Jancar 12
41%
Nie znaleziono quizów pasujących do podanych kryteriów
Rozkład punktacji
Procent ludzi z każdym wynikiem
Percentyl według liczby udzielonych odpowiedzi
Twoja historia wyników
Nie rozwiązałeś tego quizu